<?xml version="1.0" encoding="UTF-8"?>
<record
    xmlns:xsi="http://www.w3.org/2001/XMLSchema-instance"
    xsi:schemaLocation="http://www.loc.gov/MARC21/slim http://www.loc.gov/standards/marcxml/schema/MARC21slim.xsd"
    xmlns="http://www.loc.gov/MARC21/slim">

  <leader>01701nam a22002897i 4500</leader>
  <datafield tag="999" ind1=" " ind2=" ">
    <subfield code="c">23649</subfield>
    <subfield code="d">23649</subfield>
  </datafield>
  <controlfield tag="003">AR-CdUCM</controlfield>
  <controlfield tag="008">260428b           d|||| |||| 00| 0 spa d</controlfield>
  <datafield tag="020" ind1=" " ind2=" ">
    <subfield code="a">978-84-18139-02-4</subfield>
  </datafield>
  <datafield tag="040" ind1=" " ind2=" ">
    <subfield code="a">MUNICIPALIDAD PROVINCIAL DEL CUSCO</subfield>
    <subfield code="c">BIBLIOTECA MUNICIPAL DEL CUSCO</subfield>
  </datafield>
  <datafield tag="082" ind1=" " ind2=" ">
    <subfield code="a">616.898</subfield>
    <subfield code="b">A45</subfield>
  </datafield>
  <datafield tag="100" ind1=" " ind2=" ">
    <subfield code="a">Alonso Pe&#xF1;a, Jos&#xE9; Ram&#xF3;n - Alonso Esquis&#xE1;bel, Irene</subfield>
  </datafield>
  <datafield tag="245" ind1=" " ind2=" ">
    <subfield code="a">El autismo :</subfield>
    <subfield code="b">Reflexiones y pautas para comprenderlo y abordarlo / </subfield>
  </datafield>
  <datafield tag="260" ind1=" " ind2=" ">
    <subfield code="a">Barcelona, Espa&#xF1;a : </subfield>
    <subfield code="b">Shackleton Books</subfield>
    <subfield code="c">2020</subfield>
  </datafield>
  <datafield tag="300" ind1=" " ind2=" ">
    <subfield code="a">205 p&#xE1;ginas. : </subfield>
    <subfield code="c">14x21 cm.</subfield>
  </datafield>
  <datafield tag="500" ind1=" " ind2=" ">
    <subfield code="z">Bibliograf&#xED;a : p&#xE1;ginas del 201 - 203</subfield>
  </datafield>
  <datafield tag="505" ind1=" " ind2=" ">
    <subfield code="a">Introducci&#xF3;n al trastorno del espectro autista -- Historia y evoluci&#xF3;n del concepto de autismo -- Caracter&#xED;sticas principales del TEA -- Diagn&#xF3;stico y detecci&#xF3;n temprana -- Bases neurol&#xF3;gicas del autismo -- Factores gen&#xE9;ticos y ambientales -- Desarrollo cognitivo en personas con autismo -- Lenguaje y comunicaci&#xF3;n en el TEA -- Conductas repetitivas y patrones de comportamiento -- Procesamiento sensorial en el autismo -- Intervenci&#xF3;n temprana y terapias -- Educaci&#xF3;n inclusiva y estrategias pedag&#xF3;gicas -- Papel de la familia en el desarrollo -- Autonom&#xED;a e inclusi&#xF3;n social -- Mitos y realidades sobre el autismo -- Perspectivas actuales y futuras investigaciones</subfield>
  </datafield>
  <datafield tag="650" ind1=" " ind2=" ">
    <subfield code="a">Trastorno del espectro autista</subfield>
    <subfield code="9">52757</subfield>
  </datafield>
  <datafield tag="650" ind1=" " ind2=" ">
    <subfield code="a">Autismo - Diagn&#xF3;stico</subfield>
    <subfield code="9">52758</subfield>
  </datafield>
  <datafield tag="650" ind1=" " ind2=" ">
    <subfield code="a">Autismo - Tratamiento</subfield>
    <subfield code="9">52759</subfield>
  </datafield>
  <datafield tag="650" ind1=" " ind2=" ">
    <subfield code="a">Ni&#xF1;os autistas - Educaci&#xF3;n</subfield>
    <subfield code="9">52760</subfield>
  </datafield>
  <datafield tag="650" ind1=" " ind2=" ">
    <subfield code="a">Desarrollo infantil</subfield>
    <subfield code="9">25147</subfield>
  </datafield>
  <datafield tag="650" ind1=" " ind2=" ">
    <subfield code="a">Psicolog&#xED;a del desarrollo</subfield>
    <subfield code="9">52761</subfield>
  </datafield>
  <datafield tag="856" ind1=" " ind2=" ">
    <subfield code="f">shackletonbooks.com</subfield>
  </datafield>
  <datafield tag="942" ind1=" " ind2=" ">
    <subfield code="2">ddc</subfield>
    <subfield code="c">LIBROS</subfield>
  </datafield>
  <datafield tag="945" ind1=" " ind2=" ">
    <subfield code="a">esh</subfield>
    <subfield code="d">28-04-2026</subfield>
  </datafield>
  <datafield tag="952" ind1=" " ind2=" ">
    <subfield code="0">0</subfield>
    <subfield code="2">ddc</subfield>
    <subfield code="4">0</subfield>
    <subfield code="7">0</subfield>
    <subfield code="a">SC</subfield>
    <subfield code="b">SC</subfield>
    <subfield code="c">CART</subfield>
    <subfield code="d">2026-04-28</subfield>
    <subfield code="e">Donaci&#xF3;n</subfield>
    <subfield code="g">70.00</subfield>
    <subfield code="o">616.898 / A45</subfield>
    <subfield code="p">SC0000002482</subfield>
    <subfield code="r">2026-04-28</subfield>
    <subfield code="y">LIBROS</subfield>
  </datafield>
</record>
